Statistics for Famous People from New York State

Click here to take the quiz!

General Stats

  • This quiz has been taken 5,732 times
  • The average score is 14 of 25

Answer Stats

Clue From Answer % Correct
Garfunkel's partnerNYCPaul Simon
85%
Wore a meat dressNYCLady Gaga
81%
Facebook CEOWhite PlainsMark Zuckerberg
77%
Donkey from "Shrek"NYCEddie Murphy
76%
Ex-mayor who says 9/11 a lotNYCRudy Giuliani
73%
ALS disease
is named for him
NYCLou Gehrig
73%
"Meet the Parents" fatherNYCRobert De Niro
71%
Billionaire ex-mayorNYCMike Bloomberg
67%
"Mean Girls" actressNYCLindsay Lohan
65%
"The Great Gatsby" authorBuffaloF. Scott Fitzgerald
63%
Had a TV show
about nothing
Massapequa Jerry Seinfeld
63%
Rough rider PresidentNYCTheodore Roosevelt
63%
Michael CorleoneNYCAl Pacino
61%
Former Bennifer memberNYCJennifer Lopez
58%
His real name is
Shawn Carter
NYCJay-Z
57%
Pink-wigged rapperNYCNicki Minaj
50%
Steroidal shortstopNYCAlex Rodriguez
46%
"New York State of Mind"HicksvilleBilly Joel
40%
He was SpartacusAmsterdamKirk Douglas
37%
Author of "Cosmos"NYCCarl Sagan
36%
"Teflon Don" crime bossNYCJohn Gotti
34%
He is Jack DonaghyMassapequa Alec Baldwin
31%
Governor and
escort agency patron
NYCEliot Spitzer
25%
Son of Sam killerNYCDavid Berkowitz
25%
Fur baronNYCJohn Jacob Astor
17%

Score Distribution

Percentile by Number Answered

Percent of People with Each Score

Your Score History

You have not taken this quiz